000 00253nam a2200097Ia 4500
001 980916
005 20250826220919.0
008 250824s9999 xx 000 0 und d
245 0 _aBEYOĞLUNUN EN GÜZEL ABİSİ
_cAHMET ÜMİT
260 _bEVEREST YAYYINLARI
999 _c980916
_d980916